|
|
|
|
| LEADER |
02242nam a2200505 a 4500 |
| 001 |
EBC467778 |
| 003 |
MiAaPQ |
| 005 |
20200520144314.0 |
| 006 |
m o d | |
| 007 |
cr cn||||||||| |
| 008 |
070906s2007 ne ab sb 101 0 eng |
| 010 |
|
|
|z 2007298875
|
| 015 |
|
|
|a GBA743983
|2 bnb
|
| 016 |
7 |
|
|z 013762255
|2 Uk
|
| 020 |
|
|
|z 9789004160347 (hbk.)
|
| 020 |
|
|
|z 9004160345 (hbk.)
|
| 035 |
|
|
|a (MiAaPQ)EBC467778
|
| 035 |
|
|
|a (Au-PeEL)EBL467778
|
| 035 |
|
|
|a (CaPaEBR)ebr10270987
|
| 035 |
|
|
|a (CaONFJC)MIL192146
|
| 035 |
|
|
|a (OCoLC)646236274
|
| 040 |
|
|
|a MiAaPQ
|c MiAaPQ
|d MiAaPQ
|
| 043 |
|
|
|a a-br---
|
| 050 |
|
4 |
|a DS528.2.K3
|b E87 2004
|
| 082 |
0 |
4 |
|a 305.895
|2 22
|
| 111 |
2 |
|
|a EUROSEAS Conference
|d (2004 :
|c Paris, France)
|
| 245 |
1 |
0 |
|a Social dynamics in the highlands of Southeast Asia
|h [electronic resource] :
|b reconsidering Political systems of Highland Burma by E.R. Leach /
|c edited by Francois Robinne and Mandy Sadan.
|
| 260 |
|
|
|a Leiden, The Netherlands :
|b Brill,
|c 2007.
|
| 300 |
|
|
|a lii, 331 p. :
|b ill., maps.
|
| 490 |
0 |
|
|a Handbook of oriental studies. Section three, Southeast Asia,
|x 0169-9571 ;
|v v. 18 = Handbuch der Orientalistik
|
| 500 |
|
|
|a "This volume originated from a panel ... which was organised for the EUROSEAS Conference, held at the Sorbonne University, Paris, in September 2004" -- Pref.
|
| 504 |
|
|
|a Includes bibliographical references and index.
|
| 533 |
|
|
|a Electronic reproduction. Ann Arbor, MI : ProQuest, 2015. Available via World Wide Web. Access may be limited to ProQuest affiliated libraries.
|
| 600 |
1 |
0 |
|a Leach, Edmund Ronald.
|t Political systems of Highland Burma
|v Congresses.
|
| 650 |
|
0 |
|a Kachin (Asian people)
|x Social life and customs
|v Congresses.
|
| 650 |
|
0 |
|a Kachin (Asian people)
|x Politics and government
|v Congresses.
|
| 650 |
|
0 |
|a Ahoms (Indic people)
|x Social life and customs
|v Congresses.
|
| 650 |
|
0 |
|a Social structure
|z Burma
|v Case studies
|v Congresses.
|
| 653 |
1 |
|
|a Highlands of Southeast Asia
|
| 653 |
1 |
|
|a Burma
|
| 655 |
|
4 |
|a Electronic books.
|
| 700 |
1 |
|
|a Robinne, Francois.
|
| 700 |
1 |
|
|a Sadan, Mandy.
|
| 710 |
2 |
|
|a ProQuest (Firm)
|
| 856 |
4 |
0 |
|u https://ebookcentral.proquest.com/lib/matrademy/detail.action?docID=467778
|z Click to View
|